Príspevok k problematike pôsobenia kombinácií urýchľovačov vulkanizácie /

Gespeichert in:
Bibliographische Detailangaben
1. Verfasser: Do, Manh Tuan (Verfasst von)
Format: Manuskript Buch
Veröffentlicht: Bratislava : SVŠT v Bratislave ChtF, 1990
Tags: Tag hinzufügen
Keine Tags, Fügen Sie das erste Tag hinzu!

MARC

LEADER 00000ntm a22000003a 4500
001 stu16903
005 20150617225758.6
008 ------s1990----cs----------------------d
040 |a STU  |b slo 
041 0
044 |a cs 
080 |a 678.028(043.3) 
100 1 |a Do, Manh Tuan  |4 aut 
245 1 |a Príspevok k problematike pôsobenia kombinácií urýchľovačov vulkanizácie /  |c [aut.]Do,Manh Tuan 
260 |a Bratislava :  |b SVŠT v Bratislave ChtF,  |c 1990 
300 |a 118 s :  |b Tab.,grafy,lit 
996 |b CKD157  |c C*KD157  |l CCI  |s A  |a 24  |w stu16903_0001